Exoplanets (Record no. 18339)

MARC details
000 -LEADER
fixed length control field 00590nam a2200205Ia 4500
003 - CONTROL NUMBER IDENTIFIER
control field IN-BaIIA
008 - FIXED-LENGTH DATA ELEMENTS--GENERAL INFORMATION
fixed length control field 211028s9999 xx 000 0 eng d
020 ## - INTERNATIONAL STANDARD BOOK NUMBER
International Standard Book Number 978-0-816-52945-2
040 ## - CATALOGING SOURCE
Transcribing agency IIA Library
080 ## - UNIVERSAL DECIMAL CLASSIFICATION NUMBER
Universal Decimal Classification number 523.4
Item number EXO
245 #0 - TITLE STATEMENT
Title Exoplanets
Statement of responsibility, etc. edited by Sara Seager
260 ## - PUBLICATION, DISTRIBUTION, ETC.
Place of publication, distribution, etc. Tucson
Name of publisher, distributor, etc. University of Arizona Press
Date of publication, distribution, etc. 2010
300 ## - PHYSICAL DESCRIPTION
Extent xviii, 526p.
490 ## - SERIES STATEMENT
Series statement The University of Arizona space science series
650 ## - SUBJECT ADDED ENTRY--TOPICAL TERM
Topical term or geographic name entry element Exoplanet dynamics
9 (RLIN) 35144
650 ## - SUBJECT ADDED ENTRY--TOPICAL TERM
Topical term or geographic name entry element Extrasolar planets
9 (RLIN) 3586
650 ## - SUBJECT ADDED ENTRY--TOPICAL TERM
Topical term or geographic name entry element Planets
9 (RLIN) 971
700 ## - ADDED ENTRY--PERSONAL NAME
Personal name Seager, Sara, ed.
9 (RLIN) 29229
942 ## - ADDED ENTRY ELEMENTS (KOHA)
Koha item type Books
Holdings
Withdrawn status Lost status Damaged status Not for loan Home library Current library Shelving location Date acquired Source of acquisition Cost, normal purchase price Total Checkouts Total Renewals Full call number Barcode Date last seen Date last checked out Cost, replacement price Price effective from Koha item type Purchase Price
        IIA Library-Bangalore IIA Library-Bangalore General Stacks 23/08/2012 EDS 1960.35 4 1 523.4/ EXO 19261 05/10/2024 30/09/2024 1960.35 23/08/2012 Books Rs. 1960.35

Powered by Koha